| 000 | 00990nas a2200277 454500 | ||
|---|---|---|---|
| 001 | 28746 | ||
| 005 | 20260407193507.0 | ||
| 008 | 260407s1994####ag###########|||spa#d | ||
| 003 | AR-UNSa-BCEJYS | ||
| 040 |
_aAR-UNSa-BCEJYS _bspa _cAR-UNSa-BCEJYS |
||
| 080 |
_a330(82) _xEconomia Argentina |
||
| 245 | 1 | 0 | _aBoletín de lecturas sociales y económicas |
| 264 | 1 |
_aBuenos Aires : _bEdiciones de la Universidad Católica Argentina _c1994 |
|
| 310 | _aFrecuencia: Mensual | ||
| 041 | _aspa | ||
| 942 | _cSER | ||
| 590 | _aniveau_biblio:s niveau_hierar:1 | ||
| 100 | 1 | _aPontificia Universidad Católica Argentina. Facultad de Ciencias Sociales y Económicas | |
| 650 | _aAdministración | ||
| 650 | _aSociología | ||
| 650 | _aPolítica social | ||
| 650 | _aEducación | ||
| 650 | _aECONOMIA ARGENTINA | ||
| 650 | _aECONOMIA INTERNACIONAL | ||
| 856 | 4 | 1 |
_uhttps://biblioeco.unsa.edu.ar/pmb/images/revistas/Boletin de Lecturas Sociales y Economicas-r13833.jpg _yImagen de portada _qimage/jpeg |
| 999 |
_c8654 _d8654 |
||